| 000 | 00586nam 22001933 4500 | ||
|---|---|---|---|
| 001 | 201188 | ||
| 010 | _a972-772-027-7 | ||
| 021 | _b126578/98 | ||
| 090 | _a201188 | ||
| 100 | _a20260312d u||y0pory50 ba | ||
| 200 |
_aDiálogo com as ilhas (sobre cultura e literatura de São Tomé e Príncipe) _fInocência Mata |
||
| 210 |
_aLisboa _cEdições Colibri _d1998 |
||
| 215 |
_a187 p. _cbrochado _d22 cm |
||
| 606 |
_93661 _aCrítica Literária.Estudos Literários |
||
| 675 |
_a82.09 _vPT _zpor |
||
| 700 |
_916802 _aMata _bInocência |
||
| 801 |
_aPT _bBMMN _gRPC |
||
| 830 | _cFernando | ||
| 990 | _cLIVROS | ||